| 000 | 01020nam a22002297a 4500 | ||
|---|---|---|---|
| 999 |
_c58998 _d58998 |
||
| 003 | Ge_BSU | ||
| 005 | 20221028103151.0 | ||
| 008 | 221028s2005 ge ||||| |||| 00| 0 geo d | ||
| 020 | _a9994001868 | ||
| 041 | _ageo | ||
| 080 | _a005(075.8) მ-35 | ||
| 245 |
_aმენეჯმენტის საფუძვლები / _cნ. პაიჭაძე, თ. ხომერიკი, ბ. ხვინთელიანი, გ. შიხაშვილი. |
||
| 264 |
_aთბილისი : _bინოვაცია, _c2005. |
||
| 300 |
_a206გვ. : _b ნახ. ; _c29სმ. |
||
| 504 | _aბიბლიოგრ.: გვ. 206. | ||
| 653 | _aმენეჯმენტი | ||
| 700 |
_aპაიჭაძე, ნ. _eავტორი _915618 |
||
| 700 |
_aხომერიკი, ბ. _eავტორი _915619 |
||
| 700 |
_aხვინთელიანი, ბ. _eავტორი _915620 |
||
| 700 |
_aშიხაშვილი, გ. _eავტორი _915621 |
||
| 942 |
_2udc _cBK |
||